Introducción al álgebra contemporánea

Zapisane w:
Opis bibliograficzny
1. autor: Tomber, Marvin L (Autor)
Format: Książka
Język:hiszpański
Wydane: Ciudad de México UTEHA 1970
Hasła przedmiotowe:
Etykiety: Dodaj etykietę
Nie ma etykietki, Dołącz pierwszą etykiete!

MARC

LEADER 00000nam a2200000 a 4500
001 UCQ8390
003 CL-VaPUC
008 981209e19700000MX |||||||||||||||||spa|d
082 0 4 |a 512  |b TOM  |2 21 
100 0 |a Tomber, Marvin L  |e author  |9 422375 
245 1 0 |a Introducción al álgebra contemporánea 
300 |a 456 p 
942 |c BK 
945 |d 19981209 00:00:00  |a crobeson 
260 |a Ciudad de México  |b UTEHA  |c 1970 
650 0 |a Álgebra  |9 259567 
650 0 |a Teoría de números  |9 265327 
650 0 |a Números reales   |9 270334 
650 7 |a TEORIA DE LOS CAMPOS  |2 CL-VaPUC  |9 422376 
650 0 |a Ecuaciones lineales   |9 342219 
650 0 |a Polinomios  |9 270626 
650 0 |a Números complejos  |9 270335 
650 0 |a Ecuaciones  |9 260137 
650 0 |a Estructuras algebraicas  |9 422373 
650 0 |a Funciones   |9 263869 
583 |a last modification  |c 19981209 00:00:00  |k Rodrigo Vera 
999 |c 277675  |d 277673 
952 |0 0  |1 0  |4 0  |6 512_000000000000000_TOM_1970  |7 0  |8 A  |9 315744  |a BIBMAT  |b BIBMAT  |d 2019-11-20  |i 1304135  |o 512 TOM 1970  |p 1304135  |r 2025-01-07  |w 2019-11-20  |y BK  |k MAT 
952 |0 0  |1 0  |4 0  |6 512_000000000000000_TOM_1970  |7 0  |8 A  |9 315745  |a BIBMAT  |b BIBMAT  |d 2019-11-20  |i 1304143  |l 1  |o 512 TOM 1970  |p 1304143  |r 2025-01-07  |s 2023-05-08  |w 2019-11-20  |y BK  |k MAT